| 000 | 00520 a2200157 4500 | ||
|---|---|---|---|
| 003 | Nust | ||
| 005 | 20170207154200.0 | ||
| 040 | _cNust | ||
| 082 | _a621.3827 | ||
| 245 |
_aFiber optics _cHeathkit Educational systems |
||
| 260 |
_aMichigan _bHeath Co. _c1953 |
||
| 300 | _aVarious pages | ||
| 505 | _aOptical Energy (Page-1-1) Optical Fibers (Page-2-1) Fiber Optic Light Sources (Page-3-1) Fiber Optic Receivers (Page-4-1) Fiber Optic Systems (Page-5-1) | ||
| 538 | _aAlmirah No.132 and Shelf No.1 | ||
| 650 | _aFiber optics | ||
| 942 |
_2ddc _cBK |
||
| 999 |
_c194671 _d194671 |
||